000 01057cam a22002415a 4500
001 E144133
008 080624s2008 xxk f 000 0 eng d
020 _a9781842193785
035 _a(Sirsi) u144133
041 0 _aeng
050 0 4 _a336.271 $2 18
100 1 _aPotts, Julian
245 0 0 _aVAT in property and construction
_ba surveyor's handbook
260 _aCoventry
_bRICS
_c2008
300 _axxvi, 294p.
_c23cm.
505 2 _aIntroduction to VAT and property -- General principles -- Recovery of VAT -- Commercial property transactions -- Residential and charitable property -- Construction services -- Specific building types -- Appendices
520 _aOutlines the current interpretation of VAT legislation in relation to construction and property. Includes a reference section which sets out extracts from UK and European VAT legislation, useful forms and recent briefing notes from HM Revenue and Customs.
521 _aAdvanced
590 _aKA
651 4 _aUnited Kingdom
_y
690 _aPROPERTY-PROPERTY TAXATION
942 _n0
999 _c108385
_d108385